| 000 | 00860nam a2200181Ia 4500 | ||
|---|---|---|---|
| 008 | 151202s9999||||xx |||||||||||||| ||und|| | ||
| 082 | _bPNVM-81044 | ||
| 100 | _aछाजेड बिमल. | ||
| 245 | _aलठ्ठपणापासून मुक्तता मिळविण्याच्या 201 टिप्स. | ||
| 260 | _b"डायमंड पॉकेट बुक्स प्रा. लि. , दिल्ली." | ||
| 260 | _c2012 | ||
| 300 | _a176 | ||
| 600 | _aछाजेड बिमल. | ||
| 630 | _aलठ्ठपणापासून मुक्तता मिळविण्याच्या 201 टिप्स. | ||
| 700 | _aछाजेड बिमल. | ||
| 730 | _aलठ्ठपणापासून मुक्तता मिळविण्याच्या 201 टिप्स. | ||
| 942 | _cBOOK | ||
| 999 |
_c1345652 _d1345649 |
||